000 01293nam a2200457 a 4500
003 AR-BaBNM
005 20251128204007.0
008 082120s2002 ||||||||||||||000 | spa||
020 _a950-572-156-0
040 _cAR-BaBNM
110 1 _aArgentina
240 1 0 _aCódigo Civil
245 0 0 _aCódigo civil
260 _aBuenos Aires
_bZavalía
_c1987
300 _a1403 p.
500 _aContiene apéndice: leyes, decretos-leyes y decretos reglamentarios
500 _aIndice alfabético general p. 1371-1384
500 _aIndice general del Código civil p. 1385-1398
500 _aIndice general cronológico del apéndice p. 1399-1403
521 _aPRIMARIO
650 4 _aENSEÑANZA DE LA LECTURA
650 4 _aDERECHO CIVIL
650 4 _aPERSONAS JURIDICAS
650 4 _aFAMILIA
650 4 _aMATRIMONIO
650 4 _aPARENTESCO
650 4 _aDERECHO DE FAMILIA
650 4 _aOBLIGACIONES
650 4 _aACTOS JURIDICOS
650 4 _aCONTRATOS
650 4 _aDERECHO SUCESORIO
650 4 _aCODIGO CIVIL
650 4 _aCODIGO CIVIL
650 4 _aLEGISLACION ARGENTINA
653 _aLIBROS DE LECTURA
653 _aENSEÑANZA DE LA LENGUA
653 _aDERECHOS REALES
700 1 _aZavalía, Ricardo de
_eeditor
942 _cBK
998 _cAndrea
999 _c5757
_d5757